<?xml version="1.0" encoding="UTF-8"?>
<record
    xmlns:xsi="http://www.w3.org/2001/XMLSchema-instance"
    xsi:schemaLocation="http://www.loc.gov/MARC21/slim http://www.loc.gov/standards/marcxml/schema/MARC21slim.xsd"
    xmlns="http://www.loc.gov/MARC21/slim">

  <leader>01188cas a2200409   4500</leader>
  <datafield tag="999" ind1=" " ind2=" ">
    <subfield code="c">126365</subfield>
    <subfield code="d">126365</subfield>
  </datafield>
  <controlfield tag="001">11177578</controlfield>
  <controlfield tag="005">20220420092040.0</controlfield>
  <controlfield tag="008">740402c19749999nyuar     b   0   a0eng  </controlfield>
  <datafield tag="020" ind1=" " ind2=" ">
    <subfield code="a">9781264269402</subfield>
  </datafield>
  <datafield tag="022" ind1="0" ind2=" ">
    <subfield code="a">0092-8682</subfield>
  </datafield>
  <datafield tag="040" ind1=" " ind2=" ">
    <subfield code="c">PK-LaUMT</subfield>
  </datafield>
  <datafield tag="082" ind1="0" ind2="4">
    <subfield code="a">616.075</subfield>
    <subfield code="2">22</subfield>
    <subfield code="b">CUR-</subfield>
  </datafield>
  <datafield tag="245" ind1="0" ind2="0">
    <subfield code="a">Current medical diagnosis &amp; treatment /</subfield>
    <subfield code="c">edited by Maxine A. Papadakis . . . [et al.]</subfield>
  </datafield>
  <datafield tag="260" ind1=" " ind2=" ">
    <subfield code="a">New York,</subfield>
    <subfield code="b">McGraw-Hill,</subfield>
    <subfield code="c">2022</subfield>
  </datafield>
  <datafield tag="300" ind1=" " ind2=" ">
    <subfield code="a">1840 p.</subfield>
    <subfield code="b">illustrations</subfield>
    <subfield code="c">26 cm</subfield>
  </datafield>
  <datafield tag="500" ind1=" " ind2=" ">
    <subfield code="a">Published: New York : McGraw-Hill, 2000- ; McGraw-Hill Medical, &lt;2009-&gt;.</subfield>
  </datafield>
  <datafield tag="650" ind1=" " ind2="0">
    <subfield code="a">Diagnosis</subfield>
  </datafield>
  <datafield tag="650" ind1=" " ind2="0">
    <subfield code="a">Therapeutics</subfield>
  </datafield>
  <datafield tag="650" ind1=" " ind2="6">
    <subfield code="a">Diagnostics</subfield>
  </datafield>
  <datafield tag="650" ind1=" " ind2="6">
    <subfield code="a">Th&#xE9;rapeutique</subfield>
  </datafield>
  <datafield tag="650" ind1=" " ind2="6">
    <subfield code="a">M&#xE9;decine clinique</subfield>
  </datafield>
  <datafield tag="650" ind1=" " ind2="7">
    <subfield code="a">44.50 diagnostic and therapy: general.</subfield>
  </datafield>
  <datafield tag="650" ind1=" " ind2="7">
    <subfield code="a">Diagnosis.</subfield>
  </datafield>
  <datafield tag="650" ind1=" " ind2="7">
    <subfield code="a">Therapeutics.</subfield>
  </datafield>
  <datafield tag="650" ind1="1" ind2="7">
    <subfield code="a">Diagnose.</subfield>
  </datafield>
  <datafield tag="650" ind1="1" ind2="7">
    <subfield code="a">Therapie&#xEB;n.</subfield>
  </datafield>
  <datafield tag="650" ind1=" " ind2="2">
    <subfield code="a">Diagnosis</subfield>
  </datafield>
  <datafield tag="650" ind1=" " ind2="2">
    <subfield code="a">Therapeutics</subfield>
  </datafield>
  <datafield tag="700" ind1="1" ind2=" ">
    <subfield code="a">Krupp, Marcus A.</subfield>
  </datafield>
  <datafield tag="700" ind1="1" ind2=" ">
    <subfield code="a">Chatton, Milton J.</subfield>
  </datafield>
  <datafield tag="700" ind1="1" ind2=" ">
    <subfield code="a">Tierney, Lawrence M.,</subfield>
  </datafield>
  <datafield tag="700" ind1="1" ind2=" ">
    <subfield code="a">McPhee, Stephen J.</subfield>
  </datafield>
  <datafield tag="700" ind1="1" ind2=" ">
    <subfield code="a">Papadakis, Maxine A.</subfield>
  </datafield>
  <datafield tag="942" ind1=" " ind2=" ">
    <subfield code="c">BK</subfield>
  </datafield>
  <datafield tag="952" ind1=" " ind2=" ">
    <subfield code="0">0</subfield>
    <subfield code="1">0</subfield>
    <subfield code="4">0</subfield>
    <subfield code="7">0</subfield>
    <subfield code="a">HSC</subfield>
    <subfield code="b">HSC</subfield>
    <subfield code="d">2022-04-20</subfield>
    <subfield code="l">1</subfield>
    <subfield code="o">616.075 CUR-</subfield>
    <subfield code="p">142799</subfield>
    <subfield code="r">2025-01-09 15:41:36</subfield>
    <subfield code="s">2025-01-09</subfield>
    <subfield code="w">2022-04-20</subfield>
    <subfield code="y">BK</subfield>
  </datafield>
  <datafield tag="952" ind1=" " ind2=" ">
    <subfield code="0">0</subfield>
    <subfield code="1">0</subfield>
    <subfield code="4">0</subfield>
    <subfield code="7">0</subfield>
    <subfield code="a">HSC</subfield>
    <subfield code="b">HSC</subfield>
    <subfield code="d">2022-04-20</subfield>
    <subfield code="l">0</subfield>
    <subfield code="o">616.075 CUR-</subfield>
    <subfield code="p">142800</subfield>
    <subfield code="r">2022-04-20 00:00:00</subfield>
    <subfield code="t">C.2</subfield>
    <subfield code="w">2022-04-20</subfield>
    <subfield code="y">BK</subfield>
  </datafield>
  <datafield tag="952" ind1=" " ind2=" ">
    <subfield code="0">0</subfield>
    <subfield code="1">0</subfield>
    <subfield code="4">0</subfield>
    <subfield code="7">0</subfield>
    <subfield code="a">HSC</subfield>
    <subfield code="b">HSC</subfield>
    <subfield code="d">2022-04-20</subfield>
    <subfield code="l">0</subfield>
    <subfield code="o">616.075 CUR-</subfield>
    <subfield code="p">142801</subfield>
    <subfield code="r">2022-04-20 00:00:00</subfield>
    <subfield code="t">C.3</subfield>
    <subfield code="w">2022-04-20</subfield>
    <subfield code="y">BK</subfield>
  </datafield>
  <datafield tag="952" ind1=" " ind2=" ">
    <subfield code="0">0</subfield>
    <subfield code="1">0</subfield>
    <subfield code="4">0</subfield>
    <subfield code="7">0</subfield>
    <subfield code="a">HSC</subfield>
    <subfield code="b">HSC</subfield>
    <subfield code="d">2022-04-20</subfield>
    <subfield code="l">0</subfield>
    <subfield code="o">616.075 CUR-</subfield>
    <subfield code="p">142802</subfield>
    <subfield code="r">2022-04-20 00:00:00</subfield>
    <subfield code="t">C.4</subfield>
    <subfield code="w">2022-04-20</subfield>
    <subfield code="y">BK</subfield>
  </datafield>
  <datafield tag="952" ind1=" " ind2=" ">
    <subfield code="0">0</subfield>
    <subfield code="1">0</subfield>
    <subfield code="4">0</subfield>
    <subfield code="7">0</subfield>
    <subfield code="a">HSC</subfield>
    <subfield code="b">HSC</subfield>
    <subfield code="d">2022-04-20</subfield>
    <subfield code="l">2</subfield>
    <subfield code="o">616.075 CUR-</subfield>
    <subfield code="p">142803</subfield>
    <subfield code="r">2026-01-08 10:45:23</subfield>
    <subfield code="s">2025-12-18</subfield>
    <subfield code="t">C.5</subfield>
    <subfield code="w">2022-04-20</subfield>
    <subfield code="y">BK</subfield>
  </datafield>
  <datafield tag="952" ind1=" " ind2=" ">
    <subfield code="0">0</subfield>
    <subfield code="1">0</subfield>
    <subfield code="4">0</subfield>
    <subfield code="7">0</subfield>
    <subfield code="a">HSC</subfield>
    <subfield code="b">HSC</subfield>
    <subfield code="d">2022-04-20</subfield>
    <subfield code="l">0</subfield>
    <subfield code="o">616.075 CUR-</subfield>
    <subfield code="p">142804</subfield>
    <subfield code="r">2022-04-20 00:00:00</subfield>
    <subfield code="t">C.6</subfield>
    <subfield code="w">2022-04-20</subfield>
    <subfield code="y">BK</subfield>
  </datafield>
  <datafield tag="952" ind1=" " ind2=" ">
    <subfield code="0">0</subfield>
    <subfield code="1">0</subfield>
    <subfield code="4">0</subfield>
    <subfield code="7">0</subfield>
    <subfield code="a">HSC</subfield>
    <subfield code="b">HSC</subfield>
    <subfield code="d">2022-04-20</subfield>
    <subfield code="l">0</subfield>
    <subfield code="o">616.075 CUR-</subfield>
    <subfield code="p">142805</subfield>
    <subfield code="r">2022-04-20 00:00:00</subfield>
    <subfield code="t">C.7</subfield>
    <subfield code="w">2022-04-20</subfield>
    <subfield code="y">BK</subfield>
  </datafield>
  <datafield tag="952" ind1=" " ind2=" ">
    <subfield code="0">0</subfield>
    <subfield code="1">0</subfield>
    <subfield code="4">0</subfield>
    <subfield code="7">0</subfield>
    <subfield code="a">HSC</subfield>
    <subfield code="b">HSC</subfield>
    <subfield code="d">2022-04-20</subfield>
    <subfield code="l">0</subfield>
    <subfield code="o">616.075 CUR-</subfield>
    <subfield code="p">142806</subfield>
    <subfield code="r">2022-04-20 00:00:00</subfield>
    <subfield code="t">C.8</subfield>
    <subfield code="w">2022-04-20</subfield>
    <subfield code="y">BK</subfield>
  </datafield>
</record>
